000
00341pab a2200145 454500
008
180718b1988 xxu||||| |||| 00| 0 eng d
100
_a
Sail, Rajendra
245
_a
Truth about rehabiliation of bonded labourers
260
_c
1988
300
_a
30-1
362
_a
1 Jan.
650
_a
Labour, Bonded
773
_a
Yojana
909
_a
12017
999
_c
12017
_d
12017